Дело о вольнонаемной прислуге при театрах и домах Дирекции

Доступно только в Электронных читальных залах Найти на картеНа карте
RUSMARC
00003703nmc2a22002413x 450
001f2d367d5-a88b-44ee-ba54-99e36a2ffba9
00520200910183126.0
100##$a20200304l19031903k l0rusy0189 ca
1010#$arus
102##$aRU
105##$ay###
1222#$ad
2001#$aДело о вольнонаемной прислуге при театрах и домах Дирекции
$j3 января - 31 декабря 1903 г.
215##$a227 л.
$d36,5х26 см
251##$cДело
300##$aНа бланке обложки указано: "Дело Санкт-Петербургской конторы императорских театров"
371##$aДокумент не является опубликованным и широко распространяемым
461#0$10019264ebf8-de62-4f1a-9eb4-9f22098dbbd5
$12001
$aДирекция императорских театров МИДв
$1251
$cФонд
$1852
$j497
462#0$10016d2858c7-947f-46a8-934e-c3d97596ebca
$12001
$aДирекция императорских театров (1879-1918 гг.)
$1251
$cОпись
$1852
$j6
801#0$aRU
$bРГИА
$c20200304
$gRCR
801#1$aRU
$bГлавНИВЦ
$c20200304
$2rusmarc
801#2$aRU
$bПБ им. Б.Н. Ельцина
$c20200910
$gRCR
$2rusmarc
850##$aРГИА
852##$aРГИА
$eФедеральное казенное учреждение "Российский государственный исторический архив" (РГИА)
$j4715
$lа
937##$hРГИА
$d12340338
$aASBIBLIO_SCAN
035##$aRusGRCC00000970
856##$uhttp://readingroom.main.prlib.ru/item.aspx?id_node=n147236114&mode=full
Формат отображения